000 00588nam a2200253Ia 4500
003 OSt
005 20220912144340.0
006 a|||||r|||| 00| 0
007 ta
008 220909b |||||||| |||| 00| 0 eng d
020 _aSL0859464
024 _a186514
037 _cTextual
040 _aCSL
_beng
_cCSL
041 _aeng
082 _aA:(R), Q1
100 _aJain M.C.
245 0 _aEncounter of Science with Philosophy
260 _c2011
650 _aPhilosophy
700 _aJain M.C.
942 _hA:(R), Q1
_cTEXL
_2CC
999 _c5685
_d5685